Les pays les plus religieux - Statistiques

Statistiques générales
  • Ce quiz a été pris 234 fois
  • Le résultat moyen est 30 sur 55
Statistiques - réponses
Continent % Pays % Correct
Afrique 9 Algérie
92%
Afrique 6 Maroc
90%
Asie 9 Inde
80%
Afrique 5 RD Congo
79%
Afrique 7 Tunisie
77%
Afrique 6 Congo
76%
Afrique 4 Egypte
75%
Afrique 2 Niger
74%
Asie 4 Arabie saoudite
71%
Asie 1 Indonésie
71%
Afrique 3 Mali
69%
Afrique 2 Nigeria
69%
Afrique 3 Sénégal
69%
Asie 8 Iran
68%
Asie 4 Pakistan
68%
Asie 3 Afghanistan
65%
Afrique 9 Soudan
63%
Afrique 2 Mauritanie
62%
Asie 4 Qatar
60%
Afrique 6 Cameroun
58%
Afrique 7 Tchad
58%
Asie 4 Emirats arabes unis
57%
Afrique 2 Guinée
56%
Afrique 4 Guinée
56%
Afrique 3 Kenya
56%
Asie 1 Yémen
55%
Asie 2 Koweït
52%
Afrique 7 Madagascar
52%
Afrique 6 Bénin
51%
Asie 2 Thaïlande
51%
Afrique 5 Tanzanie
50%
Afrique 9 Zimbabwe
50%
Asie 3 Cambodge
49%
Afrique 1 Comores
49%
Asie 4 Jordanie
49%
Asie 3 Laos
49%
Afrique 5 Rwanda
49%
Afrique 5 Zambie
48%
Afrique 6 Burkina Faso
47%
Afrique 3 Djibouti
46%
Asie 5 Népal
46%
Asie 6 Philippines
46%
Afrique 1 Centrafrique
44%
Afrique 7 Liberia
44%
Afrique 5 Ouganda
44%
Asie 2 Sri Lanka
43%
Afrique 2 Burundi
42%
Afrique 8 Namibie
41%
Afrique 1 Malawi
40%
Afrique 1 Sierra Leone
40%
Asie 3 Birmanie
38%
Amérique 8 Haïti
35%
Amérique 5 Equateur
30%
Europe 9 Kosovo
26%
Amérique 8 Trinité-et-Tobago
20%
Aucun quiz correspondant
Distribution des résultats
% des personnes avec chaque résultat
Percentile par nombre de réponses
Votre historique - résultats
Vous n’avez pas pris ce quiz